000 00578nam a2200229Ia 4500
003 OSt
005 20220928103833.0
006 a|||||r|||| 00| 0
007 ta
008 220927b |||||||| |||| 00| 0 eng d
024 _a61691
037 _cTextual
040 _aSDCL
_cSDCL
_beng
041 _2eng
_aeng
082 _a4, P5
100 _aRattu Krishna Kumar
_9407250
245 0 _aAadhunik media drishti
260 _aJaipur
_bBook Enclave
_c2005
300 _a245p
_ccm.
942 _h4, P5
_cTEXL
_2CC
999 _c722777
_d722777